000 00729nam a2200229ua 4500
001 46304
003 BD-RjUL
005 20211209054132.0
008 160801r19491920enka 001 0 eng
035 _a(BD-RjUL)46422
040 _aDLC
_cCarP
_dBD-RjUL
_beng
041 _aeng
082 _223
_a153.93
_bBAM 1949
100 1 _aBallard, Philip Boswood
_d1865-1950.
_9141398
245 0 0 _aMental tests /
_c Philip Boswood Ballard,
260 _aLondon :
_aNew York ;
_bHodder and Stoughton, ltd.,
_c1920 [reprint 1949]
300 _aix, 235 p. :
_bill. ;
_c19 cm.
500 _aincludes index
650 0 _aEducational tests and measurements
_9132190
856 4 1 _uhttp://hdl.loc.gov/loc.gdc/scd0001.00213386463
942 _2ddc
_cBK
999 _c46304
_d46304